Solid state devices / (Record no. 42518)
[ view plain ]
| 000 -LEADER | |
|---|---|
| fixed length control field | 01580nam a22003017a 4500 |
| 005 - DATE AND TIME OF LATEST TRANSACTION | |
| control field | 20100819113936.0 |
| 010 ## - LCCN (DPL NO) | |
| LC control number | ENG-100930 B-431103-105 |
| 020 ## - INTERNATIONAL STANDARD BOOK NUMBER | |
| International Standard Book Number | 9788120341067 |
| Terms of availability | 350.00 |
| 035 ## - SYSTEM CONTROL NUMBER | |
| System control number | EN-84463 B-431103-105 |
| 037 ## - SOURCE OF ACQUISITION | |
| Source of stock number/acquisition | DBAD/PUB |
| 037 ## - SOURCE OF ACQUISITION | |
| Source of stock number/acquisition | Allied Pub/Ven |
| 082 ## - DEWEY DECIMAL CLASSIFICATION NUMBER | |
| Classification number | 612.38152 |
| 100 ## - MAIN ENTRY--PERSONAL NAME | |
| Personal name | Nair, B. Somanathan |
| 245 ## - TITLE STATEMENT | |
| Title | Solid state devices / |
| Statement of responsibility, etc | by B. Somanathan Nair [and] S. R. Deepa |
| 260 ## - PUBLICATION, DISTRIBUTION, ETC. (IMPRINT) | |
| Place of publication, distribution, etc | New Delhi |
| Name of publisher, distributor, etc | PHI Learning |
| Date of publication, distribution, etc | 2010 |
| 270 ## - ADDRESS | |
| Address | M-97, Connaught Circus |
| City | New Delhi |
| Postal code | 110001 |
| 300 ## - PHYSICAL DESCRIPTION | |
| Extent | xv, 376 p. |
| Other physical details | 24cm (Pbk) |
| 500 ## - GENERAL NOTE | |
| General note | Includes index |
| 650 ## - SUBJECT ADDED ENTRY--TOPICAL TERM | |
| Topical term or geographic name as entry element | Semicandoctors |
| 650 ## - SUBJECT ADDED ENTRY--TOPICAL TERM | |
| Topical term or geographic name as entry element | Transistar |
| 700 ## - ADDED ENTRY--PERSONAL NAME | |
| Personal name | S. R. Deepa |
| 9 (RLIN) | 15115 |
| 942 ## - ADDED ENTRY ELEMENTS (KOHA) | |
| Source of classification or shelving scheme | Dewey Decimal Classification |
| Item type | English Books |
| Classification part | 612.38152 |
| Call number suffix | NAI |
| Withdrawn status | Lost status | Not for loan | Collection code | Home library | Current library | Date acquired | Cost, normal purchase price | Full call number | Barcode | Copy number | Cost, replacement price | Koha item type | Source of acquisition |
|---|---|---|---|---|---|---|---|---|---|---|---|---|---|
| Non-fiction | Central Library | Central Library | 06/06/2011 | 350.00 | 612.38152 NAI | B-431103 | 1 | 350.00 | English Books | Allied Pub/2961/29.3.11/85/24.3.11/31.3.11 | |||
| Not For Loan | Non-fiction | D.B.Act.Division | D.B.Act.Division | 19/08/2010 | 350.00 | 621.38152NAI | EN-84463 | 1 | 350.00 | Bengali Books | |||
| Written-off vide DLB M. No. 383 dt 16.05.19 | Non-fiction | Patel Nagar | Patel Nagar | 06/06/2011 | 350.00 | 612.38152 NAI | B-431104 | 1 | 350.00 | English Books | Allied Pub/2961/29.3.11/85/24.3.11/31.3.11 | ||
| Non-fiction | Sarojini Nagar | Patel Nagar | 06/06/2011 | 350.00 | 612.38152 NAI | B-431105 | 1 | 350.00 | English Books | Allied Pub/2961/29.3.11/85/24.3.11/31.3.11 |
